• 首页
  • 本馆介绍
  • 公告通知
  • 最新文献
  • 馆藏检索
  • 电子资源
  • 读者导购
  • 参考咨询
  • 我的图书馆
  • 登录
  • 详细信息显示
  • 放入我的书架
  • 预约/预借图书
  • 作者相关作品
  • 分类相关作品
  • 丛书相关作品
  • 出版社相关作品

书目信息

  • 表格格式
  • 工作单格式
  • 卡片格式
题名:
履带车辆静动液辅助制动系统仿真与实验
    
 
作者: 宋彬 著
分册:  
出版信息: 北京   国防工业出版社  2015.3
页数: 166页
开本: 24cm
丛书名:
单 册:
中图分类: U469.6
科图分类:
主题词: 履带车--制动装置--系统仿真
电子资源:
ISBN: 978-7-118-10206-2
000 01279nam0 2200253 450
001 0400004241
005 20171023162237.0
010    @a978-7-118-10206-2@dCNY48.00
100    @a20150920d2015 em y0chiy50 ea
101 0  @achi
102    @aCN@b110000
105    @aa z 000yy
106    @ar
200 1  @a履带车辆静动液辅助制动系统仿真与实验@9lv dai che liang jing dong ye fu zhu zhi dong xi tong fang zhen yu shi yan@dSimulation and experimental research on hydrostatic and hydraulic auxiliary braking system of tracked vehicle@zeng@f宋彬[等]著
210    @a北京@c国防工业出版社@d2015.3
215    @a166页@c图@d24cm
304    @a著者还有:吕建刚、张培林、王怀光
330    @a本书从履带车辆制动系统未来技术发展的需求出发,综合运用仿真与实验手段,重点围绕静动液辅助制动系统结构设计与参数匹配、关键元件数学建模与性能分析、系统控制策略设计、整车动态性能仿真以及辅助制动实验台设计与实验等基础性关键问题进行了研究,为提高履带车辆燃油经济性和制动安全性提供了一条新的技术途径。
510 1  @aSimulation and experimental research on hydrostatic and hydraulic auxiliary braking system of tracked vehicle@zeng
606 0  @a履带车@x制动装置@x系统仿真
690    @aU469.6@v5
701  0 @a宋彬@9song bin@4著
801  0 @aCN@b91MARC@c20171023
905    @b1028086-90@dU469.6@f5@e502
    
    履带车辆静动液辅助制动系统仿真与实验=Simulation and experimental research on hydrostatic and hydraulic auxiliary braking system of tracked vehicle/宋彬[等]著.-北京:国防工业出版社,2015.3
    166页:图;24cm
    
    
    ISBN 978-7-118-10206-2:CNY48.00
    本书从履带车辆制动系统未来技术发展的需求出发,综合运用仿真与实验手段,重点围绕静动液辅助制动系统结构设计与参数匹配、关键元件数学建模与性能分析、系统控制策略设计、整车动态性能仿真以及辅助制动实验台设计与实验等基础性关键问题进行了研究,为提高履带车辆燃油经济性和制动安全性提供了一条新的技术途径。
●
相关链接 在E读中查询图书 在五车中查询图书 在当当中查询图书 在豆瓣中查询图书


正题名:履带车辆静动液辅助制动系统仿真与实验     索取号:U469.6/502         预约/预借

序号 登录号 条形码 馆藏地/架位号 状态 备注
1 1028086   210280863   第二样本阅览室/ [索取号:U469.6/502] 在馆    
2 1028087   210280872   第三借阅区/ [索取号:U469.6/502] 在馆    
3 1028088   210280881   第三借阅区/ [索取号:U469.6/502] 在馆    
4 1028089   210280890   密集书库-物理学院/ [索取号:U469.6/502] 在馆    
5 1028090   210280907   第三借阅区/ [索取号:U469.6/502] 在馆    
唐山师范学院图书馆 欢迎您!
大连网信软件有限公司© 版权所有